000 00734nam a22002297a 4500
003 OSt
005 20231101133057.0
008 221006b |||||||| |||| 00| 0 eng d
040 _cBiblioteca Lado V
082 _a305
_bS253c
110 _91180
_asatis.FACTORY PROJECT.os
_eautor
245 _aColectivo las Hartas/
260 _bSatis.FACTORY
_aCosta Rica
_c2022
300 _c14.5x22cm
_a5p.
_bbolante
366 _efre
366 _eeng
650 _2Tesauro de Arte & Arquitectura
_aARTE
_9703
650 _2Tesauro de Arte & Arquitectura
_aPINTURA
650 _2Tesauro de Arte & Arquitectura
_aFEMINISMO
_9703
650 _2Tesauro de Arte & Arquitectura
_aPERFORMANCE
942 _2ddc
_c1
_h305
_iS253c
_n0
999 _c4517
_d4517